00578nam a2200193 a 450000500170000000800410001702000180005805000260007610000210010224500670012325000120019026000380020230000350024052100090027565000280028465000220031265000290033470000210036320140310183413.0070914s19uu xx 00 eng d a9780071259231 aHC 79.I55b.D674 2008 aDorf, Richard C. aTechnology ventures from idea to enterprise /cRichard C. Dorf a2nd ed. aU.S.A :bMcGarw-Hill, Inc,c2008. a658 p. :bill. col. ;c24 cm.  aBSBA aInformation Technology. aEntrepreneurship. aNew buisness enterprise. aByers, Thomas H.